SCP investujú do modernizácie fabriky príležitosť nielen pre výrobcov technológií, ale aj stavbárov

Podrobná bibliografia
Hlavný autor: Farárik, Peter (Autor)
Médium: Článok
Jazyk:slovenčina
Fyzický popis:Obr.
Predmet:

MARC

LEADER 00000nab a2200000 a 4500
001 vtls000660946
003 SK-MaSNL
005 20260305032437.0
008 180206c1998 xo 0 slo
015 |a SNBRA1998/06-16471 
035 |a CLN000013136 
040 |a SNKBUCL  |b slo  |c SNKBUCL  |e AACR2 
041 0 |a slo 
044 |a xo  |c SK 
080 |a 676:061.5(437.6)  |2 UDC-MRF-SK2 
100 1 |a Farárik, Peter  |4 aut  |9 331530 
245 1 0 |a SCP investujú do modernizácie fabriky  |b príležitosť nielen pre výrobcov technológií, ale aj stavbárov  |c Peter Farárik 
300 |b Obr. 
610 2 7 |a Severoslovenské celulózky a papierne (Ružomberok, Slovensko)  |2 snkbucl  |9 32516 
651 7 |a Ružomberok (Slovensko : okres)  |2 snkbucl  |9 51838 
655 7 |a články z novín a časopisov  |2 snkbucl  |9 267496 
773 0 |t Staviteľstvo  |g Roč. 3, č. 6 (1998), s. 21 
850 |a Slovenská národná knižnica v Martine 
852 |a SNK  |b KIS3GCP 
958 |a RBX 
999 |c 3320124  |d 3322054